| 000 | 00942nam a22002531u 4500 | ||
|---|---|---|---|
| 001 | 12286 | ||
| 003 | HDC | ||
| 007 | cr bn --- | ||
| 008 | 210209p2003 my eng | ||
| 040 | _aHDC | ||
| 100 |
_aChan, Chee Wan, _eauthor _912809 |
||
| 245 | 0 |
_aPerformance of two differential global positioning system (DGPS) receivers for precision agriculture / _cby Chan Chee Wan |
|
| 260 |
_aSerdang : _bMalaysian Agricultural Research and Development Institute (MARDI), _c2003 |
||
| 300 | _a2 pages | ||
| 336 |
_atext _2rdacontent |
||
| 337 |
_acomputer _2rdamedia |
||
| 338 |
_aonline resource _2rdacarrier |
||
| 650 |
_aDifferential GPS signal _912811 |
||
| 650 |
_aPrecision agriculture _912810 |
||
| 856 | _zRequest full-text at [email protected] | ||
| 942 | _2lcc | ||
| 942 | _cAR | ||
| 942 | _kJART 003074 | ||
| 999 |
_c9609 _d9609 |
||